000
00313nam a2200121Ia 4500
008
230524s9999 xx 000 0 und d
100
_a
Adrian Farrel
245
4
_a
The Internet and Its Protocols: A Comparative Approach
260
_b
Elsevier
500
_a
Quantity Number: 2
650
_a
Comp-Sc
942
_c
BK
999
_c
50112
_d
50112